John Bunyan: "The pilgrim's progress / (Record no. 21695)
[ view plain ]
| 000 -LEADER | |
|---|---|
| fixed length control field | 00857nam a2200289 a 4500 |
| 001 - CONTROL NUMBER | |
| control field | 21695 |
| 003 - CONTROL NUMBER IDENTIFIER | |
| rucl marc code | BD-RjUL |
| 005 - DATE AND TIME OF LATEST TRANSACTION | |
| control field | 20211209000722.0 |
| 008 - FIXED-LENGTH DATA ELEMENTS--GENERAL INFORMATION | |
| fixed length control field | 140305s1966 enk b 001 1beng d |
| 035 ## - SYSTEM CONTROL NUMBER | |
| System control number | 67-77532 |
| -- | (BD-RjUL)21760 |
| System control number | (OCoLC)954702 |
| 040 ## - CATALOGING SOURCE | |
| Original cataloging agency | DLC |
| Transcribing agency | DLC |
| Modifying agency | m.c |
| -- | BD-RjUL |
| Language of cataloging | eng |
| 041 ## - LANGUAGE CODE | |
| Language code of text/sound track or separate title | eng |
| 082 ## - DEWEY DECIMAL CLASSIFICATION NUMBER | |
| Classification number | 823.4 |
| Author mark and year | SHJ 1966 |
| 100 1# - MAIN ENTRY--PERSONAL NAME | |
| Personal name | Sharrock, Roger. |
| 9 (RLIN) | 57999 |
| 245 10 - TITLE STATEMENT | |
| Title | John Bunyan: "The pilgrim's progress / |
| Statement of responsibility, etc. | Roger Sharrock, |
| 260 ## - PUBLICATION, DISTRIBUTION, ETC. (IMPRINT) | |
| Place of publication, distribution, etc. | London : |
| Name of publisher, distributor, etc. | Edward Arnold, |
| Date of publication, distribution, etc. | c1966 |
| 300 ## - PHYSICAL DESCRIPTION | |
| Pagination | 64 p. : |
| Size | 19 cm |
| 490 1# - SERIES STATEMENT | |
| Series statement | Studies in English literature ; |
| Volume/sequential designation | no.27 |
| 504 ## - BIBLIOGRAPHY, ETC. NOTE | |
| Bibliography, etc | Bibliography: p. [62] |
| 600 10 - SUBJECT ADDED ENTRY--PERSONAL NAME | |
| Personal name | Bunyan, John, |
| Dates associated with a name | 1628-1688. |
| 830 #0 - SERIES ADDED ENTRY--UNIFORM TITLE | |
| Volume number/sequential designation | no.27 |
| Uniform title | Studies in English literature (London, England) ; |
| 942 ## - ADDED ENTRY ELEMENTS (KOHA) | |
| Source of classification or shelving scheme | Dewey Decimal Classification |
| Koha item type | Books |
| Lost status | Source of classification or shelving scheme | Damaged status | Not for loan | Collection code | Permanent Location | Current Location | Shelving location | Date acquired | Source of acquisition | Cost, normal purchase price | Total Checkouts | Full call number | Date last seen | Copy number | Koha item type |
|---|---|---|---|---|---|---|---|---|---|---|---|---|---|---|---|
| Dewey Decimal Classification | Fiction | Central Library, University of Rajshahi | Central Library, University of Rajshahi | 08/11/1969 | ZEIT | 10.60 | 823.4 SHJ 1966 | 05/03/2014 | C-2 | Books |